|
|
|
|
| LEADER |
00000nam a2200000Ii 4500 |
| 001 |
DIGCOLMX0348 |
| 003 |
NyNyDIG |
| 007 |
cr ||||||||||| |
| 008 |
220207s2016 mx ob 000 0 spa d |
| 006 |
m o d |
| 035 |
|
|
|a (OCoLC)1080638034
|
| 040 |
|
|
|a DGITA
|b eng
|e rda
|e pn
|c DGITA
|
| 020 |
|
|
|a 9786074629309
|q eBook
|
| 020 |
|
|
|z 9786074628418
|
| 050 |
1 |
4 |
|a JC491 ebook
|
| 082 |
1 |
4 |
|a 321.094
|
| 245 |
0 |
0 |
|a Revolución y violencia en la filosofía de Hannah Arendt :
|b reflexiones críticas /
|c Marco Estrada Saavedra, María Teresa Muñoz, compiladores.
|
| 250 |
|
|
|a Primera edición electrónica.
|
| 264 |
|
1 |
|a México, D.F. :
|b El Colegio de México,
|c 2016.
|
| 300 |
|
|
|a 1 online resource.
|
| 336 |
|
|
|a text
|b txt
|2 rdacontent
|
| 337 |
|
|
|a computer
|b c
|2 rdamedia
|
| 338 |
|
|
|a online resource
|b cr
|2 rdacarrier
|
| 347 |
|
|
|a text file
|2 rdaft
|
| 347 |
|
|
|b EPUB
|
| 500 |
|
|
|a "Centro de Estudios Sociológicos."
|
| 504 |
|
|
|a Includes bibliographical references.
|
| 588 |
0 |
|
|a Online resource; title from ePub title page (Digitalia, viewed February 7, 2021)
|
| 600 |
1 |
0 |
|a Arendt, Hannah,
|d 1906-1975.
|t On revolution.
|
| 600 |
1 |
0 |
|a Arendt, Hannah,
|d 1906-1975.
|t On violence.
|
| 600 |
1 |
0 |
|a Arendt, Hannah,
|d 1906-1975.
|x Criticism and interpretation.
|
| 650 |
|
0 |
|a Revolutions.
|
| 650 |
|
0 |
|a Violence.
|
| 655 |
|
0 |
|a Electronic books.
|
| 700 |
1 |
|
|a Estrada Saavedra, Marco,
|d 1971-
|e editor.
|
| 700 |
1 |
|
|a Muñoz, María Teresa
|c (Political scientist),
|e editor.
|
| 791 |
2 |
|
|a Digitalia (Firm),
|e distributor.
|
| 793 |
0 |
|
|g Digitalia eBook Collection:
|a El Colegio de México
|
| 776 |
0 |
8 |
|i Print version:
|t Revolución y violencia en la filosofía de Hannah Arendt.
|b Primera edición.
|d México, D.F. : El Colegio de México, 2015
|z 9786074628418
|
| 856 |
4 |
0 |
|3 Digitalia Hispánica
|u https://www.digitaliapublishing.com/a/105709/
|
| 910 |
|
|
|a Premium collection: 2022
|